<?xml version="1.0" encoding="UTF-8"?><?xml-stylesheet type="text/xsl" href="static/style.xsl"?><OAI-PMH xmlns="http://www.openarchives.org/OAI/2.0/" xmlns:xsi="http://www.w3.org/2001/XMLSchema-instance" xsi:schemaLocation="http://www.openarchives.org/OAI/2.0/ http://www.openarchives.org/OAI/2.0/OAI-PMH.xsd"><responseDate>2026-04-17T09:37:26Z</responseDate><request verb="GetRecord" identifier="oai:riubu.ubu.es:10259/8174" metadataPrefix="marc">https://riubu.ubu.es/oai/request</request><GetRecord><record><header><identifier>oai:riubu.ubu.es:10259/8174</identifier><datestamp>2023-12-02T01:05:18Z</datestamp><setSpec>com_10259_6214</setSpec><setSpec>com_10259_5086</setSpec><setSpec>com_10259_2604</setSpec><setSpec>com_10259_8139</setSpec><setSpec>com_10259_3808</setSpec><setSpec>com_10259.4_106</setSpec><setSpec>col_10259_6215</setSpec><setSpec>col_10259_8140</setSpec></header><metadata><record xmlns="http://www.loc.gov/MARC21/slim" xmlns:doc="http://www.lyncode.com/xoai" xmlns:xsi="http://www.w3.org/2001/XMLSchema-instance" xmlns:dcterms="http://purl.org/dc/terms/" xsi:schemaLocation="http://www.loc.gov/MARC21/slim http://www.loc.gov/standards/marcxml/schema/MARC21slim.xsd">
<leader>00925njm 22002777a 4500</leader>
<datafield tag="042" ind1=" " ind2=" ">
<subfield code="a">dc</subfield>
</datafield>
<datafield tag="720" ind1=" " ind2=" ">
<subfield code="a">Preciado Calzada, Mónica</subfield>
<subfield code="e">author</subfield>
</datafield>
<datafield tag="720" ind1=" " ind2=" ">
<subfield code="a">Bravo Díez, Pedro Miguel</subfield>
<subfield code="e">author</subfield>
</datafield>
<datafield tag="720" ind1=" " ind2=" ">
<subfield code="a">Cárdenas Gonzalo, David</subfield>
<subfield code="e">author</subfield>
</datafield>
<datafield tag="260" ind1=" " ind2=" ">
<subfield code="c">2017-01</subfield>
</datafield>
<datafield tag="520" ind1=" " ind2=" ">
<subfield code="a">Studies of deep cryogenic treatment have mainly focused on ferrous alloys, despite the advantages of this form of treatment when applied to other non-ferrous alloys. This study examines the microstructural behavior of a high pressure die-casting (HPDC) AZ91 magnesium alloy, submitted to T6 and T6 with deep cryogenic treatment (DCT) prior to aging. Differences between continuous and discontinuous β-Mg17Al12 phase precipitation are analyzed by means of TEM, SEM and optical microscopy to explain the mechanical behavior following each type of heat treatment. The mechanical properties were improved by both treatments though yield strength was higher following T6 treatment and elongation was greater following T6 with deep cryogenic treatment. The conclusion is that continuous precipitation is promoted by cryogenic treatment, resulting in an improvement of elongation by 20%. This factor is important in view of the limitations of poor plasticity and its consequences for HPDC magnesium alloy applications.</subfield>
</datafield>
<datafield tag="024" ind2=" " ind1="8">
<subfield code="a">0924-0136</subfield>
</datafield>
<datafield tag="024" ind2=" " ind1="8">
<subfield code="a">http://hdl.handle.net/10259/8174</subfield>
</datafield>
<datafield tag="024" ind2=" " ind1="8">
<subfield code="a">10.1016/j.jmatprotec.2016.08.029</subfield>
</datafield>
<datafield ind1=" " ind2=" " tag="653">
<subfield code="a">HPDC magnesium alloys</subfield>
</datafield>
<datafield ind1=" " ind2=" " tag="653">
<subfield code="a">Deep cryogenic treatment</subfield>
</datafield>
<datafield ind1=" " ind2=" " tag="653">
<subfield code="a">Continuous precipitation</subfield>
</datafield>
<datafield tag="245" ind1="0" ind2="0">
<subfield code="a">Deep cryogenic treatment of HPDC AZ91 magnesium alloys prior to aging and its influence on alloy microstructure and mechanical properties</subfield>
</datafield>
</record></metadata></record></GetRecord></OAI-PMH>